| 000 | 00825nam a2200205 a 4500 | ||
|---|---|---|---|
| 001 | 000041991 | ||
| 005 | 20201002035854.0 | ||
| 008 | 131017s1992 sp a 000 0 spa d | ||
| 020 | _a840007291x | ||
| 040 |
_aDO-SdBNP _bspa _cBNPHU |
||
| 100 | 1 |
_aVega Ramos, María José _968932 |
|
| 245 | 1 | 4 |
_aEl secreto del artificio : _bQualitas Sonorum, maranolatría y tradición pontaniana en la poética del renacimiento / _cMaría José Vega Ramos. |
| 260 |
_aMadrid : _bCSIC, _c1992. |
||
| 300 |
_a383 p. : _bil. ; _c25 cm. |
||
| 490 | 1 |
_aBiblioteca de filología hispánica _v8 |
|
| 504 | _aBibliografía : p. 357-383 | ||
| 504 | _aIncluye referencias bibliográficas y notas al pie de las páginas | ||
| 710 | 2 |
_aConsejo Superior de Investigaciones Científicas, _94786 |
|
| 830 | 0 |
_aBiblioteca de filología hispánica _v8 _967489 |
|
| 999 |
_c41480 _d41480 |
||